[Event "Kiev Spring op"]
[Site "Kiev"]
[Date "2023.03.31"]
[Round "9"]
[White "Bondar, Wladimir"]
[Black "Ivanov, Ivan Petr"]
[Result "1-0"]
[WhiteElo "1944"]
[BlackElo "1445"]
[PlyCount "115"]
[EventDate "2023.03.25"]
[EventType "swiss"]
[EventRounds "9"]
[EventCountry "UKR"]
[SourceTitle "EXT 2024"]
[Source "ChessBase"]
[SourceDate "2023.10.10"]
[SourceVersion "1"]
[SourceVersionDate "2023.10.10"]
[SourceQuality "1"]

1. d4 d5 2. Nf3 e6 3. Bg5 Nf6 4. e3 h6 5. Bh4 Be7 6. Bd3 Ne4 7. Bxe7 Qxe7 8. c3 Nd7 9. Nbd2 f5 10. 0-0 0-0 11. Ne1 Ndf6 12. f4 Bd7 13. Nef3 Ng4 14. Qe2 Be8 15. Ne5 Bh5 16. Nxg4 Bxg4 17. Qe1 Kh7 18. h3 Bh5 19. g4 fxg4 20. Nxe4 dxe4 21. Bxe4+ g6 22. Qg3 gxh3 23. Qxh3 Kg7 24. Rf2 c6 25. Kh2 Rf6 26. Rg1 Kf7 27. Rfg2 Qf8 28. Bc2 Re8 29. Qh4 Qh8 30. e4 Kf8 31. e5 Rf7 32. Bxg6 Bxg6 33. Rxg6 Ree7 34. R1g3 h5 35. Kh3 Qh7 36. Qg5 Ke8 37. Kh4 Rf5 38. Rh6 Qf7 39. Qg8+ Kd7 40. Qxf7 Rexf7 41. Rgg6 Rxf4+ 42. Kxh5 R7f5+ 43. Rg5 Rxg5+ 44. Kxg5 Rf5+ 45. Kg6 Rf2 46. Rh7+ Kc8 47. Re7 Rxb2 48. Kf6 Rxa2 49. Kxe6 a5 50. Kd6 Kb8 51. e6 a4 52. Re8+ Ka7 53. Rf8 Re2 54. Rf5 b5 55. e7 a3 56. Kd7 a2 57. Rf1 Rb2 58. Ra1 1-0

[Event "Kiev Spring op"]
[Site "Kiev"]
[Date "2023.03.29"]
[Round "6"]
[White "Petrynskyi, Yaroslav"]
[Black "Bondar, Wladimir"]
[Result "1-0"]
[WhiteElo "1609"]
[BlackElo "1944"]
[PlyCount "59"]
[EventDate "2023.03.25"]
[EventType "swiss"]
[EventRounds "9"]
[EventCountry "UKR"]
[SourceTitle "EXT 2024"]
[Source "ChessBase"]
[SourceDate "2023.10.10"]
[SourceVersion "1"]
[SourceVersionDate "2023.10.10"]
[SourceQuality "1"]

1. d4 d6 2. c4 g6 3. Nc3 Bg7 4. e4 Nd7 5. Be3 e5 6. d5 Ne7 7. Qd2 0-0 8. g4 f5 9. gxf5 gxf5 10. f3 f4 11. Bf2 Ng6 12. h4 Bf6 13. 0-0-0 Nh8 14. Bh3 Nf7 15. Be6 Nc5 16. Bxc8 Rxc8 17. Nh3 h6 18. Rdg1+ Kh7 19. Rg4 Qe7 20. Bxc5 dxc5 21. Ng5+ Nxg5 22. hxg5 Bxg5 23. Rh5 Rg8 24. Qh2 Qf6 25. Qh3 Rcd8 26. Nb5 Rg7 27. Nxc7 Rxc7 28. Rgxg5 Rg7 29. Rxe5 Rg3 30. Qe6 1-0

[Event "Kiev Spring op"]
[Site "Kiev"]
[Date "2023.03.27"]
[Round "3"]
[White "Maksymchuk, Anton"]
[Black "Bondar, Wladimir"]
[Result "0-1"]
[WhiteElo "1509"]
[BlackElo "1944"]
[PlyCount "96"]
[EventDate "2023.03.25"]
[EventType "swiss"]
[EventRounds "9"]
[EventCountry "UKR"]
[SourceTitle "EXT 2024"]
[Source "ChessBase"]
[SourceDate "2023.10.10"]
[SourceVersion "1"]
[SourceVersionDate "2023.10.10"]
[SourceQuality "1"]

1. d4 b5 2. Nf3 Bb7 3. Bf4 Bxf3 4. exf3 c6 5. a4 b4 6. a5 e6 7. c3 bxc3 8. bxc3 d5 9. Qb3 Ne7 10. Qb7 Nd7 11. Ba6 e5 12. Bxe5 Nxe5 13. dxe5 Qb8 14. Nd2 Qxe5+ 15. Kf1 Qb8 16. Rb1 Qxb7 17. Rxb7 Ng6 18. g3 Bd6 19. f4 0-0 20. Ke2 Rfe8+ 21. Kd3 Re7 22. Nf3 c5 23. Rhb1 Rd8 24. Rxe7 Nxe7 25. Rb7 Nc6 26. Bb5 Nxa5 27. Rxa7 Nb3 28. Kc2 c4 29. Rd7 Rxd7 30. Bxd7 Na5 31. Nd4 Kf8 32. Bh3 Bc5 33. Bg2 Bxd4 34. cxd4 Nc6 35. Bxd5 Nb4+ 36. Kc3 Nxd5+ 37. Kxc4 Nf6 38. f3 Ke7 39. g4 Kd6 40. f5 Kc6 41. g5 Ne8 42. Kd3 Kd5 43. Ke3 Nd6 44. Kf4 Kxd4 45. h4 f6 46. h5 h6 47. Kg4 Ke3 48. f4 Ke4 0-1

[Event "Lvov rapid Cup"]
[Site "Lvov"]
[Date "2017.05.08"]
[Round "1"]
[White "Bondar, Wladimir"]
[Black "Onischuk, Vladimir"]
[Result "0-1"]
[WhiteElo "2037"]
[BlackElo "2608"]
[PlyCount "80"]
[EventDate "2017.05.08"]
[EventType "swiss (rapid)"]
[EventRounds "13"]
[EventCountry "UKR"]
[SourceTitle "CBM 178 Extra"]
[Source "ChessBase"]
[SourceDate "2017.06.22"]
[SourceVersion "1"]
[SourceVersionDate "2017.06.22"]
[SourceQuality "1"]

1. d4 d6 2. Nf3 g6 3. b4 Bg7 4. a4 e5 5. c3 a5 6. b5 Nd7 7. e3 Ngf6 8. Be2 0-0 9. 0-0 b6 10. Bb2 Bb7 11. Nbd2 Re8 12. Qb3 Qe7 13. Rfd1 Rad8 14. Rac1 e4 15. Ne1 h5 16. c4 h4 17. h3 Nh7 18. d5 Nc5 19. Qc2 Bxb2 20. Qxb2 Nxa4 21. Qc2 Nc5 22. Nb3 Ng5 23. Nd4 f5 24. Qc3 Nf7 25. Bf1 Ne5 26. Nec2 Bc8 27. Rb1 Qf6 28. Qa1 Bd7 29. Nb3 Nxb3 30. Rxb3 Re7 31. Nd4 Rf8 32. Ne2 g5 33. Qb1 Rg7 34. Nd4 g4 35. hxg4 Nxg4 36. Ne6 Bxe6 37. dxe6 Qe5 38. g3 hxg3 39. fxg3 Qxg3+ 40. Bg2 Qf2+ 0-1

[Event "Geller Memorial op-B 7th"]
[Site "Odessa"]
[Date "2011.08.22"]
[Round "3"]
[White "Isakov, Artem"]
[Black "Bondar, Wladimir"]
[Result "1/2-1/2"]
[WhiteElo "2158"]
[BlackElo "2135"]
[PlyCount "99"]
[EventDate "2011.08.20"]
[EventType "swiss"]
[EventRounds "9"]
[EventCountry "UKR"]
[SourceTitle "EXT 2014"]
[Source "ChessBase"]
[SourceDate "2013.11.20"]
[SourceVersion "1"]
[SourceVersionDate "2013.11.20"]
[SourceQuality "1"]

1. d4 Nf6 2. c4 c5 3. d5 b5 4. cxb5 a6 5. bxa6 Bxa6 6. Nc3 d6 7. Nf3 g6 8. g3 Bg7 9. Bg2 0-0 10. 0-0 Nbd7 11. Qc2 Qa5 12. Rd1 Rfb8 13. Rb1 Ne8 14. Bd2 Nc7 15. b3 Nb5 16. Nxb5 Qxb5 17. Bf1 Qb7 18. Bc3 Bxc3 19. Qxc3 Nf6 20. Qd2 Qb4 21. Qc2 Bb7 22. Bg2 Nxd5 23. Rbc1 Nf6 24. Nd2 Bxg2 25. Kxg2 Qa3 26. Ne4 Nxe4 27. Qxe4 Ra7 28. Rc2 Qb4 29. Rc4 Qb7 30. Qxb7 Rbxb7 31. Rd2 Rb8 32. Kf3 h5 33. h4 Ra3 34. e4 Rba8 35. Rcc2 R8a4 36. Ke3 c4 37. Rc3 Rb4 38. Rb2 e6 39. f3 Kf8 40. Ke2 d5 41. exd5 exd5 42. Rd2 Ke7 43. Re3+ Kf6 44. bxc4 Rxe3+ 45. Kxe3 dxc4 46. Kd4 Ra4 47. Rc2 Kf5 48. Rxc4 Rxa2 49. Rc5+ Kf6 50. Ke4 1/2-1/2

[Event "Yuzhny op"]
[Site "Yuzhny"]
[Date "2010.09.11"]
[Round "8"]
[White "Polivanov, Anatoliy"]
[Black "Bondar, Wladimir"]
[Result "1-0"]
[WhiteElo "2380"]
[BlackElo "2093"]
[PlyCount "63"]
[EventDate "2010.09.07"]
[EventType "swiss"]
[EventRounds "9"]
[EventCountry "UKR"]
[SourceTitle "CBM 138 Extra"]
[Source "ChessBase"]
[SourceDate "2010.10.29"]
[SourceVersion "1"]
[SourceVersionDate "2010.10.29"]
[SourceQuality "1"]

1. e4 d5 2. exd5 Qxd5 3. Nf3 Nf6 4. Be2 Bg4 5. d4 c6 6. 0-0 e6 7. c4 Qa5 8. Nc3 Bb4 9. Qb3 0-0 10. Nb1 Nbd7 11. c5 b6 12. a3 bxc5 13. Ra2 cxd4 14. axb4 Qh5 15. h3 Bxh3 16. gxh3 Qxh3 17. Nxd4 Qh4 18. Nxc6 Rfe8 19. b5 e5 20. Qg3 Qe4 21. Nc3 Qf5 22. Bh6 g6 23. Rxa7 Rxa7 24. Nxa7 e4 25. Nc6 Kh8 26. Rd1 g5 27. b6 Qg6 28. Qxg5 Qxg5+ 29. Bxg5 Rg8 30. Kf1 Rxg5 31. b7 Rg8 32. Nxe4 1-0

[Event "Myrhorod op"]
[Site "Myrhorod"]
[Date "2010.07.14"]
[Round "9"]
[White "Bondar, Wladimir"]
[Black "Sergienko, Vladislav"]
[Result "1-0"]
[WhiteElo "2093"]
[BlackElo "2039"]
[PlyCount "85"]
[EventDate "2010.07.09"]
[EventType "swiss"]
[EventRounds "9"]
[EventCountry "UKR"]
[SourceTitle "CBM 137 Extra"]
[Source "ChessBase"]
[SourceDate "2010.09.01"]
[SourceVersion "1"]
[SourceVersionDate "2010.09.01"]
[SourceQuality "1"]

1. e4 c6 2. d4 d5 3. e5 Bf5 4. c3 e6 5. Be3 Nd7 6. Nd2 Ne7 7. f4 h5 8. Ngf3 Ng8 9. Be2 Nh6 10. h3 Be7 11. 0-0 Qb6 12. Qb3 f6 13. a4 fxe5 14. fxe5 Nf7 15. a5 Qxb3 16. Nxb3 g5 17. Nh2 Bg6 18. g4 hxg4 19. Bxg4 Nf8 20. Rf2 Nh6 21. Nc5 Nxg4 22. Nxg4 Rxh3 23. Kg2 Rh4 24. Nf6+ Bxf6 25. Rxf6 0-0-0 26. a6 b6 27. Nb7 Be4+ 28. Kg3 Nh7 29. Nxd8 Nxf6 30. exf6 Kxd8 31. Bxg5 Rh8 32. f7+ Kd7 33. Rf1 Bf5 34. Bh6 Ke7 35. f8Q+ Rxf8 36. Bxf8+ Kxf8 37. Kf4 Bd3 38. Rg1 Bxa6 39. Ra1 Bd3 40. Rxa7 c5 41. Rb7 cxd4 42. cxd4 b5 43. Ke5 1-0

[Event "Myrhorod op"]
[Site "Myrhorod"]
[Date "2010.07.12"]
[Round "6"]
[White "Bondar, Wladimir"]
[Black "Meyer, Anton"]
[Result "0-1"]
[WhiteElo "2093"]
[BlackElo "2137"]
[PlyCount "133"]
[EventDate "2010.07.09"]
[EventType "swiss"]
[EventRounds "9"]
[EventCountry "UKR"]
[SourceTitle "CBM 137 Extra"]
[Source "ChessBase"]
[SourceDate "2010.09.01"]
[SourceVersion "1"]
[SourceVersionDate "2010.09.01"]
[SourceQuality "1"]

1. e4 e6 2. d4 d5 3. e5 c5 4. Qg4 cxd4 5. Bd3 Nc6 6. Nf3 Qc7 7. Qg3 Bb4+ 8. c3 dxc3 9. bxc3 Bf8 10. 0-0 Nge7 11. Na3 a6 12. Nc2 g6 13. a4 Bg7 14. Re1 0-0 15. h4 Na5 16. Ba3 Re8 17. Bb4 Nc4 18. Ncd4 Nc6 19. Nxc6 Qxc6 20. Nd4 Qc7 21. Bxc4 Qxc4 22. a5 Bd7 23. Ba3 Rac8 24. Re3 f6 25. f4 fxe5 26. fxe5 Bf8 27. Bb2 Bh6 28. Rf3 Rf8 29. Rf6 Bg7 30. Rf4 Rxf4 31. Qxf4 Rf8 32. Qg3 Qc7 33. Nf3 Rf5 34. Re1 Qxa5 35. Nd4 Rf7 36. h5 gxh5 37. Qg5 Qc5 38. Re3 a5 39. Kh2 a4 40. Rg3 Qf8 41. Qxh5 a3 42. Bc1 a2 43. Bb2 Rf1 44. Nb3 Ba4 45. Nd4 Qf7 46. Qg4 Bd7 47. Rf3 Rxf3 48. gxf3 h5 49. Qg5 Kh7 50. Kg3 Bh6 51. Qh4 Qg7+ 52. Kf2 Qxe5 53. Qe7+ Qg7 54. Qa3 h4 55. Qxa2 e5 56. Ne2 h3 57. Qb1+ Kg8 58. Qh1 e4 59. Bc1 Bxc1 60. Nxc1 Qxc3 61. fxe4 Qd4+ 62. Kg3 Qe3+ 63. Qf3 Qg1+ 64. Kf4 h2 65. Ne2 Qg6 66. Ng3 dxe4 67. Nxe4 0-1

[Event "Myrhorod op"]
[Site "Myrhorod"]
[Date "2010.07.11"]
[Round "4"]
[White "Anatskiy, Alexey"]
[Black "Bondar, Wladimir"]
[Result "1/2-1/2"]
[WhiteElo "1981"]
[BlackElo "2093"]
[PlyCount "94"]
[EventDate "2010.07.09"]
[EventType "swiss"]
[EventRounds "9"]
[EventCountry "UKR"]
[SourceTitle "CBM 137 Extra"]
[Source "ChessBase"]
[SourceDate "2010.09.01"]
[SourceVersion "1"]
[SourceVersionDate "2010.09.01"]
[SourceQuality "1"]

1. d4 d5 2. Bg5 c6 3. c3 h6 4. Bh4 Qb6 5. Qb3 Bf5 6. Nd2 Nd7 7. Ngf3 e6 8. e3 Ngf6 9. Be2 Be7 10. Qxb6 axb6 11. a3 b5 12. Rc1 Nb6 13. Bd1 Nc4 14. Nxc4 bxc4 15. Bc2 g5 16. Bg3 Ne4 17. Nd2 h5 18. Nxe4 Bxe4 19. f3 Bxc2 20. Rxc2 h4 21. Bf2 f5 22. e4 fxe4 23. fxe4 0-0 24. Re2 Bd6 25. 0-0 g4 26. Rfe1 g3 27. hxg3 hxg3 28. Be3 Rf7 29. exd5 exd5 30. Bh6 Kh7 31. Re6 Rd8 32. Bg5 Rdd7 33. Rh6+ Kg8 34. Bf6 Rh7 35. Rxh7 Kxh7 36. Re6 Bf4 37. Re2 Kg6 38. Be5 Kf5 39. Bxf4 Kxf4 40. Re8 Rg7 41. Kf1 Rh7 42. Ke2 Rh1 43. Rf8+ Kg4 44. Rg8+ Kf4 45. Rf8+ Ke4 46. Rg8 Kf4 47. Rf8+ Ke4 1/2-1/2

[Event "Myrhorod op"]
[Site "Myrhorod"]
[Date "2010.07.09"]
[Round "2"]
[White "Bondar, Wladimir"]
[Black "Bondar, Wladimir"]
[Result "1-0"]
[WhiteElo "2093"]
[BlackElo "2093"]
[PlyCount "95"]
[EventDate "2010.07.09"]
[EventType "swiss"]
[EventRounds "9"]
[EventCountry "UKR"]
[SourceTitle "CBM 137 Extra"]
[Source "ChessBase"]
[SourceDate "2010.09.01"]
[SourceVersion "1"]
[SourceVersionDate "2010.09.01"]
[SourceQuality "1"]

1. e4 d5 2. exd5 Qxd5 3. Nc3 Qa5 4. d4 c6 5. Bd3 Nf6 6. h3 Bf5 7. Nf3 e6 8. 0-0 Bb4 9. Ne2 Bxd3 10. Qxd3 0-0 11. a3 Bd6 12. c4 Nbd7 13. c5 Be7 14. b4 Qd8 15. Bf4 Nd5 16. Bh2 Re8 17. Nc3 N7f6 18. Ne5 Nxc3 19. Qxc3 Qd5 20. a4 Rad8 21. Rfd1 Ne4 22. Qc2 Bh4 23. f3 Ng3 24. Rd3 Nf5 25. Rad1 Bg3 26. Nc4 h5 27. Bxg3 Nxg3 28. Nd6 Re7 29. Re3 Qg5 30. Re5 Qf6 31. Ne4 Qg6 32. Rg5 Qh6 33. Rxg3 h4 34. Rg5 f6 35. Nxf6+ Qxf6 36. Rg4 Red7 37. Qf2 e5 38. Rxh4 exd4 39. Rd3 Rd5 40. g3 Qg6 41. Re4 a5 42. bxa5 Rxc5 43. Qa2+ Kf8 44. Kf2 Rcd5 45. Qb3 c5 46. Qxb7 Qd6 47. Rf4+ Kg8 48. Qf7+ 1-0

[Event "Myrhorod op"]
[Site "Myrhorod"]
[Date "2010.07.09"]
[Round "1"]
[White "Bondar, Wladimir"]
[Black "Shalimov, Valery"]
[Result "0-1"]
[WhiteElo "2093"]
[BlackElo "2425"]
[PlyCount "70"]
[EventDate "2010.07.09"]
[EventType "swiss"]
[EventRounds "9"]
[EventCountry "UKR"]
[SourceTitle "CBM 137 Extra"]
[Source "ChessBase"]
[SourceDate "2010.09.01"]
[SourceVersion "1"]
[SourceVersionDate "2010.09.01"]
[SourceQuality "1"]

1. d4 Nf6 2. Nf3 d5 3. Bg5 Ne4 4. Bf4 c5 5. e3 Nc6 6. c3 Qb6 7. Qb3 c4 8. Qc2 Bf5 9. Qc1 h6 10. Nbd2 e6 11. Nxe4 Bxe4 12. Nd2 Bg6 13. b3 cxb3 14. axb3 Be7 15. Be2 0-0 16. 0-0 Rfc8 17. Qd1 a5 18. c4 Nb4 19. c5 Qd8 20. Nf3 b6 21. cxb6 Qxb6 22. Ne5 Bc2 23. Qd2 f6 24. Nd3 Bxb3 25. Rfc1 a4 26. Rc3 Nxd3 27. Bxd3 Rxc3 28. Qxc3 Bb4 29. Qb2 Rc8 30. Rc1 Rc6 31. h4 Qb7 32. g4 a3 33. Qb1 a2 34. Qb2 Rxc1+ 35. Qxc1 Qa8 0-1

[Event "Poltava op"]
[Site "Poltava"]
[Date "2009.12.05"]
[Round "3"]
[White "Polyakov, Maxim"]
[Black "Bondar, Wladimir"]
[Result "1-0"]
[WhiteElo "2317"]
[BlackElo "2131"]
[PlyCount "109"]
[EventDate "2009.12.04"]
[EventType "swiss"]
[EventRounds "9"]
[EventCountry "UKR"]
[SourceTitle "CBM 133 Extra"]
[Source "ChessBase"]
[SourceDate "2010.01.05"]
[SourceVersion "1"]
[SourceVersionDate "2010.01.05"]
[SourceQuality "1"]

1. e4 d5 2. exd5 Qxd5 3. Nc3 Qa5 4. d4 c6 5. Bc4 Nf6 6. Nf3 Bf5 7. Bd2 e6 8. Qe2 Bb4 9. a3 Nbd7 10. 0-0 Bxc3 11. Bxc3 Qc7 12. Rac1 0-0 13. Rfe1 Rfe8 14. Bd2 h6 15. b4 a6 16. Bb3 b5 17. c4 Qb6 18. c5 Qc7 19. h3 Bh7 20. Ne5 Nxe5 21. dxe5 Nd5 22. Bxd5 exd5 23. Bc3 Qd7 24. g4 h5 25. f3 hxg4 26. hxg4 Re6 27. Kg2 f6 28. Qf2 fxe5 29. Rxe5 Rxe5 30. Bxe5 Re8 31. Qd4 Re7 32. Re1 Qe8 33. Kg3 Qg6 34. f4 Qd3+ 35. Qxd3 Bxd3 36. f5 Kf7 37. Kf4 Be4 38. Re3 g5+ 39. fxg6+ Kxg6 40. g5 Rh7 41. Bf6 Bh1 42. Re6 Rh4+ 43. Kg3 Re4 44. Rxc6 Kf5 45. Rxa6 Rg4+ 46. Kf2 Kf4 47. a4 Bf3 48. axb5 Rg2+ 49. Kf1 Rd2 50. Bc3 Rd1+ 51. Kf2 Be4 52. g6 Rd3 53. Rf6+ Kg5 54. g7 Bh7 55. Rf3 1-0

[Event "Yuzhny op"]
[Site "Yuzhny"]
[Date "2009.09.12"]
[Round "8"]
[White "Vostrov, Sergey"]
[Black "Bondar, Wladimir"]
[Result "0-1"]
[WhiteElo "2010"]
[BlackElo "2137"]
[PlyCount "74"]
[EventDate "2009.09.08"]
[EventType "swiss"]
[EventRounds "9"]
[EventCountry "UKR"]
[SourceTitle "CBM 132 Extra"]
[Source "ChessBase"]
[SourceDate "2009.11.03"]
[SourceVersion "1"]
[SourceVersionDate "2009.11.03"]
[SourceQuality "1"]

1. d4 Nc6 2. Nf3 d6 3. c4 e5 4. d5 Nce7 5. e4 Ng6 6. Nc3 Nf6 7. h3 Be7 8. Be3 0-0 9. Qd2 Nxe4 10. Nxe4 f5 11. Qc2 fxe4 12. Nd2 Bg5 13. Bxg5 Qxg5 14. Qxe4 Bd7 15. Qe3 Qxe3+ 16. fxe3 Nh4 17. g4 Nf3+ 18. Nxf3 Rxf3 19. Kd2 Raf8 20. Be2 Rg3 21. Raf1 c6 22. Rfg1 Rxg1 23. Rxg1 cxd5 24. cxd5 Rf2 25. h4 Rh2 26. h5 Bb5 27. Re1 e4 28. Kd1 Bxe2+ 29. Rxe2 Rxe2 30. Kxe2 Kf7 31. Kd2 Kf6 32. Kc3 Kg5 33. Kd4 Kxg4 34. Kxe4 g5 35. hxg6 hxg6 36. Kd4 Kf5 37. e4+ Kf6 0-1

[Event "Geller Memorial op-A 4th"]
[Site "Odessa"]
[Date "2008.09.16"]
[Round "8"]
[White "Polyakov, Maxim"]
[Black "Bondar, Wladimir"]
[Result "1-0"]
[WhiteElo "2283"]
[BlackElo "2131"]
[PlyCount "117"]
[EventDate "2008.09.09"]
[EventType "swiss"]
[EventRounds "9"]
[EventCountry "UKR"]
[SourceTitle "CBM 126 Extra"]
[Source "ChessBase"]
[SourceDate "2008.11.05"]
[SourceVersion "1"]
[SourceVersionDate "2008.11.05"]
[SourceQuality "1"]

1. Nf3 d5 2. d4 c6 3. c4 f5 4. g3 e6 5. Bg2 Nf6 6. 0-0 Bd6 7. b3 Qe7 8. a4 a5 9. Ba3 Bxa3 10. Nxa3 b6 11. Ne5 Bb7 12. cxd5 exd5 13. Qc2 g6 14. e3 0-0 15. f4 Rc8 16. Qb2 Na6 17. Rac1 Nb4 18. Rfd1 Ba6 19. Nc2 Qd6 20. Ne1 Rc7 21. h3 Qe6 22. N1f3 Ne4 23. Kh2 Rac8 24. g4 Qf6 25. h4 fxg4 26. Nxg4 Qf8 27. Nge5 Re8 28. Bh3 Bc8 29. Bxc8 Rexc8 30. Qg2 Qf5 31. Ng4 Kh8 32. Nfe5 Qf8 33. Rg1 Rg7 34. Nh6 Rcc7 35. Nhg4 Nd6 36. Qh3 Qf5 37. Qf3 Qe4 38. Nh6 Qxf3 39. Nxf3 Nf5 40. Nxf5 gxf5 41. Rg5 Rxg5 42. fxg5 f4 43. exf4 Nd3 44. Rf1 Nxf4 45. Ne5 Ne6 46. Rd1 Kg7 47. Kg3 c5 48. dxc5 Rxc5 49. Kg4 d4 50. Kf5 Nf8 51. Rxd4 Rc3 52. b4 Ra3 53. bxa5 bxa5 54. Rc4 Ra1 55. Rc7+ Kg8 56. Rc8 Rxa4 57. Nd7 Rxh4 58. Nxf8 Kf7 59. Nxh7 1-0

[Event "Geller Memorial op-A 4th"]
[Site "Odessa"]
[Date "2008.09.14"]
[Round "6"]
[White "Grekh, Andrey"]
[Black "Bondar, Wladimir"]
[Result "1/2-1/2"]
[WhiteElo "2362"]
[BlackElo "2131"]
[PlyCount "118"]
[EventDate "2008.09.09"]
[EventType "swiss"]
[EventRounds "9"]
[EventCountry "UKR"]
[SourceTitle "CBM 126 Extra"]
[Source "ChessBase"]
[SourceDate "2008.11.05"]
[SourceVersion "1"]
[SourceVersionDate "2008.11.05"]
[SourceQuality "1"]

1. e4 d5 2. exd5 Qxd5 3. Nc3 Qd6 4. d4 Nf6 5. Nf3 c6 6. g3 Bg4 7. Bg2 e6 8. h3 Bxf3 9. Bxf3 Qc7 10. Bf4 Bd6 11. Bxd6 Qxd6 12. Qd2 Nbd7 13. 0-0-0 0-0-0 14. Rhe1 Kb8 15. Na4 Nb6 16. Nc5 Qc7 17. Qb4 Ka8 18. a4 Nbd7 19. a5 Nxc5 20. Qxc5 a6 21. Rd3 Qd6 22. Qc4 Rd7 23. Red1 Rhd8 24. Kb1 Nd5 25. c3 Nc7 26. Qa4 Kb8 27. c4 Kc8 28. c5 Qe7 29. Bxc6 bxc6 30. Qxc6 Qg5 31. Rb3 Qd5 32. Qb6 Qa8 33. c6 Rd6 34. Rc1 Rxd4 35. Qc5 R4d5 36. Qe7 Rb5 37. Rxb5 axb5 38. b4 Qa7 39. Rc5 f5 40. Qxg7 Kb8 41. Qd7 Rc8 42. Qxh7 Ka8 43. Qd7 Qb8 44. Rc1 Rd8 45. Qg7 Rd2 46. Rc2 Rd1+ 47. Kb2 Qd8 48. h4 Qd6 49. Qh8+ Ka7 50. Qc3 Rd4 51. h5 Rxb4+ 52. Kc1 Qd4 53. h6 Qxc3 54. Rxc3 Rd4 55. Rc2 Rd8 56. Rd2 Nd5 57. Re2 Nc7 58. Rd2 Nd5 59. Re2 Nc7 1/2-1/2